| 000 | 00618nam a2200193 4500 | ||
|---|---|---|---|
| 008 | 170808b xxu||||| |||| 00| 0 eng d | ||
| 020 | _a0-07-707873-x (pbk) | ||
| 082 |
_21995 _aDC 338.9 _bIn4 |
||
| 100 |
_921750 _aIngham, Barbara |
||
| 245 |
_aEconomics and development/ _cBarbara Ingham. |
||
| 260 |
_aLondon: _bMcGraw-Hill Book Company, _c©1995. |
||
| 300 |
_axi, 412 pages; _c24 cm. |
||
| 500 | _aIncludes index. | ||
| 650 | 0 |
_921754 _aDevelopment economics |
|
| 650 | 0 |
_921755 _aEconomic development |
|
| 650 | 0 |
_921756 _aDeveloping countries _xEconomic conditions. |
|
| 365 |
_b1,768.00 _cPhp |
||
| 942 |
_2ddc _cDC |
||
| 999 |
_c7185 _d7185 |
||